书目信息 |
| 题名: |
跟专家练台球
|
|
| 作者: | 唐建军 编著 | |
| 分册: | ||
| 出版信息: | 北京 北京体育大学出版社 1998.8 |
|
| 页数: | 228页 | |
| 开本: | 20cm | |
| 丛书名: | 爱康丛书 | |
| 单 册: | ||
| 中图分类: | G893 | |
| 科图分类: | ||
| 主题词: | 文娱性体育活动 | |
| 电子资源: | ||
| ISBN: | 7-81051-282-X | |
| 000 | 00562nam0 2200217 45 | |
| 001 | 0001111073 | |
| 005 | 20040509092329.0 | |
| 010 | @a7-81051-282-X@dCNY16.00 | |
| 100 | @a20000111d1998 km y0chiy0120 ea | |
| 101 | @achi | |
| 105 | @a z 000yy | |
| 200 | 1 | @a跟专家练台球@f唐建军编著 |
| 210 | @a北京@c北京体育大学出版社@d1998.8 | |
| 215 | @a228页@c插图@d20cm | |
| 225 | @a爱康丛书 | |
| 410 | @12001 @a爱康丛书 | |
| 606 | 0 | @a文娱性体育活动 |
| 690 | @aG893@v1 | |
| 701 | @a唐建军@4编著 | |
| 801 | @aCN@bTSTC@c20000111 | |
| 905 | @dG893@e154@b284819-822@f4 | |
| 跟专家练台球/唐建军编著.-北京:北京体育大学出版社,1998.8 |
| 228页:插图;20cm.-(爱康丛书) |
| ISBN 7-81051-282-X:CNY16.00 |
| ● |
| 相关链接 |
|
|
|
|
正题名:跟专家练台球
索取号:G893/154
 
预约/预借
| 序号 | 登录号 | 条形码 | 馆藏地/架位号 | 状态 | 备注 |
| 1 | 0284819 | 002848191 | 第四借阅区/ [索取号:G893/154] | 在馆 | |
| 2 | 0284820 | 002848208 | 第四借阅区/ [索取号:G893/154] | 在馆 | |
| 3 | 0284821 | 002848217 | 第四借阅区/ [索取号:G893/154] | 在馆 | |
| 4 | 0284822 | 002848226 | 第四借阅区/ [索取号:G893/154] | 在馆 | |
| 5 | 0284823 | 002848235 | 第一样本阅览室/ [索取号:G893/154] | 在馆 |